Paroles - Disney - Jamais je n'avouerai (Hercule) - Statistiques

Statistiques générales
  • Ce quiz a été pris 1 957 fois
  • Le résultat moyen est 170 sur 215
Statistiques - réponses
Hint Réponse % Correct
a
99%
j'
99%
Je
99%
je
99%
l'
99%
N'
99%
n'
99%
d'
98%
t'
98%
ma
97%
jamais
96%
Muses | Mégara Jamais
96%
le
96%
Le
96%
Megara | Mégara Non
95%
non
95%
de
94%
ne
94%
pour
94%
C'est
92%
c'est
92%
La
92%
la
92%
coeur
91%
un
91%
pas
90%
que
90%
si
90%
tu
90%
Tu
90%
ça
89%
et
89%
ton
89%
Muses Ton
89%
y
89%
crois
88%
dirai
88%
en
88%
gagnant
87%
j'ai
87%
ticket
87%
aime
86%
avouer
86%
jugement
86%
manque
86%
prix
85%
est
84%
trop
84%
être
83%
jette
83%
t'a
83%
Il
82%
il
82%
sentimentale
82%
Megara s'il
82%
ancienne
81%
banal
81%
enchaine
81%
histoire
81%
autant
80%
souffrir
80%
amoureux
79%
homme
78%
Nul
78%
Oh
78%
oh
78%
Muses Qui
78%
car
77%
passion
77%
aimes
76%
cacher
76%
Pourquoi
76%
vaut
76%
avouerai
75%
Mon
74%
tes
74%
fille
73%
tromper
73%
comme
72%
donc
72%
les
72%
mentir
72%
chanson
71%
ensorcelé
70%
Mais
70%
oserai
70%
dans
69%
jour
69%
leçon
69%
appris
68%
envouté
68%
fragile
68%
j'avais
67%
pourtant
67%
yeux
67%
connaissait
66%
mal
66%
très
65%
peine
64%
nier
63%
t'as
63%
évite
62%
soupire
62%
fait
61%
feu
61%
lit
61%
crois-tu
60%
tout
60%
amoureuse
59%
idylles
59%
suis
59%
essaies
58%
normal
57%
souris
57%
sentiments
56%
hésiter
55%
qu'on
55%
vacille
55%
accroche-toi
54%
Oserai-je
50%
tomber
50%
Megara Laissez
48%
Muses Même
45%
nies
42%
tourment
42%
vous
42%
nos
41%
sur
40%
emballe
37%
Muses Lis
37%
compliment
36%
lèvres
36%
Quand
34%
dément
31%
mens
31%
passionnement
31%
Remballes
30%
Aucun quiz correspondant
Distribution des résultats
% des personnes avec chaque résultat
Percentile par nombre de réponses
Votre historique - résultats
Vous n’avez pas pris ce quiz